SOFTWARE PROJECT MANAGEMENT (Record no. 5518)

MARC details
000 -LEADER
fixed length control field 00396nam a2200157Ia 4500
003 - CONTROL NUMBER IDENTIFIER
control field SGT
020 ## - INTERNATIONAL STANDARD BOOK NUMBER
International Standard Book Number 9788177583786
082 ## - DEWEY DECIMAL CLASSIFICATION NUMBER
Classification number 005.13
100 ## - MAIN ENTRY--PERSONAL NAME
Personal name ROYCE,WALKER
245 ## - TITLE STATEMENT
Title SOFTWARE PROJECT MANAGEMENT
260 ## - PUBLICATION, DISTRIBUTION, ETC. (IMPRINT)
Name of publisher, distributor, etc PEARSON
Place of publication, distribution, etc N.DELHI
Year of Publication 2013
300 ## - PAGE DESCRIPTION
No. of Pages 606p.
650 ## - SUBJECT ADDED ENTRY--TOPICAL TERM
Topical term or geographic name as entry element COMPUTER PROGRAMMING, PROGRAMS & DATA
653 ## - KEYWORDS--INDEX TERM
Keyword term SOFTWARE MANAGEMENT,EVOLUTION OF SOFTWARE,
942 ## - ADDED ENTRY ELEMENTS (KOHA)
Source of classification or shelving scheme Dewey Decimal Classification
Koha item type Books
942 ## - ADDED ENTRY ELEMENTS (KOHA)
-- 1
Holdings
Withdrawn status Lost status Source of classification or shelving scheme Damaged status Not for loan Home library Current library Date acquired SGTU Total Checkouts Full call number Accession No. (Barcode) Date last seen Date last borrowed Bill Date Koha item type
    Dewey Decimal Classification     SGT Engineering Library SGT Engineering Library 30/05/2013 SGTU 2 5.13 ROY FE5719 06/12/2021 06/12/2021 09/02/2015 Books
    Dewey Decimal Classification     SGT Engineering Library SGT Engineering Library 30/05/2013 SGTU   5.13 ROYCE FE5720 09/02/2015   09/02/2015 Books
    Dewey Decimal Classification     SGT Engineering Library SGT Engineering Library 30/05/2013 SGTU   5.13 ROYCE FE5721 31/05/2018   09/02/2015 Books